Normal view
MARC view
- Irshad, Sadia,
Entry Personal Name
001 - CONTROL NUMBER
- control field: 2765
003 - CONTROL NUMBER IDENTIFIER
- control field: NUST
005 - DATE AND TIME OF LATEST TRANSACTION
- control field: 20170616090925.0
008 - FIXED-LENGTH DATA ELEMENTS
- fixed length control field: 170616|| aca||aabn | a|a d
040 ## - CATALOGING SOURCE
- Original cataloging agency: NUST
- Transcribing agency: NUST
100 ## - HEADING--PERSONAL NAME
- Personal name: Irshad, Sadia,
- Relator term: editor.
670 ## - SOURCE DATA FOUND
- Source citation: Work cat.: (NUST)0: Gender dimensions of climate change :
